| 000 | nam a22 7a 4500 | ||
|---|---|---|---|
| 999 |
_c127546 _d127546 |
||
| 008 | 180226b xxu||||| |||| 00| 0 eng d | ||
| 050 |
_aBL600 _b.C34 |
||
| 100 |
_aCazeneuve, Jean _939529 |
||
| 245 |
_aLes rites et la condition humaine _bd'apres des documents ethnographiques _cJean Cazeneuve |
||
| 260 |
_aParis _bPresses Universitaires de France _c1958 |
||
| 300 |
_a497p. ; _c23cm. |
||
| 440 |
_aBibliotheque de Philosophie Contemporaine _912121 |
||
| 650 |
_aRites and ceremonies _91907 |
||
| 942 |
_2lcc _cMONOGRAPH |
||